000 00196cam a2200097ua 4500
003 OSt
008 231114b |||||||| |||| 00| 0 eng d
041 _ahin
245 _aDhar ke idar udar /
942 _cBK
999 _c909
_d909